Geographie Allgemeinwissen #2 - Statistiken

Allgemein
  • Dieses Quiz wurde 155 mal gespielt
  • Das Durchschnittsergebnis liegt bei 16 aus 20
Antwortstatistiken
Hint Antwort % Korrekt
Auf welchem Kontinent liegt das Land Laos? Asien
99%
Welches Land hat die Form eines Stiefels? Italien
98%
Wie heißt der längste Fluss der Welt? Nil, Amazonas
97%
Welches Land grenzt sowohl an Deutschland als auch an Italien? Schweiz, Österreich
97%
Welcher Fluss fließt durch Paris? Seine
94%
Welcher Staat ist flächenmäßig der kleinste der Welt? Vatikanstadt
94%
Welcher europäische Inselstaat hat Valletta als Hauptstadt? Malta
93%
Welches Meer trennt Europa von Afrika? Mittelmeer
93%
In welchem Land liegt der höchste Berg der Welt? Nepal
92%
Wie heißt die Hauptstadt von Kanada? Ottawa
91%
Wie heißt die Hauptstadt von Australien? Canberra
89%
Welcher Staat hat die größte Landfläche in Afrika? Algerien
83%
Welche Stadt liegt am Bosporus? Istanbul
80%
Welches Land hat die meisten Nachbarstaaten? Russland
80%
Welche Stadt ist die bevölkerungsreichste der Welt (Ballungsraum)? Tokio
80%
Welcher US-Bundesstaat liegt am weitesten westlich? Alaska
70%
In welchem Land liegt die Atacama-Wüste? Chile
61%
Welche Inselgruppe gehört politisch zu Spanien, liegt aber vor der Küste Afrikas? Kanarische Inseln
56%
Wie heißt der größte Binnensee der Welt (nach Fläche)? Kaspisches Meer
45%
Welche zwei Kontinente werden durch den Suezkanal verbunden? Afrika und Asien
43%
Keine übereinstimmenden Quizze gefunden
Verteilung der Resultate
Anzahl Personen mit jedem Resultat
Perzentil nach korrekt beantworteten Fragen
Ihre Resultats-Entwicklung
Sie haben dieses Quiz noch nicht gespielt